Геологическая история и особенности формирования надугольной толщи горизонта Ю1 на территории Казанского нефтегазоконденсатного месторождения (Томская область); Фундаментальный базис инновационных технологийпоисков, разведки и разработки месторождений нефти и газа и приоритетныенаправления развития ресурсной базы ТЭК России
| Parent link: | Фундаментальный базис инновационных технологийпоисков, разведки и разработки месторождений нефти и газа и приоритетныенаправления развития ресурсной базы ТЭК России.— 2016.— [С. 86-90] |
|---|---|
| Autor principal: | |
| Autor Corporativo: | |
| Otros Autores: | |
| Sumario: | Заглавие с экрана Изучен литологический состав отложений горизонта Ю1 на Казанском месторождении. Проведен анализ условий образования пород. Выявлено, что изучаемые отложения являются нефтегазоперспективными,независимо от их литологического состава. The lithological composition of sediment horizon J1 on the Kazandeposit. Analysis of the conditions of formation of rocks was conducted. Revealed that thestudied sediments are oil and gas prospects, regardless of lithological composition. |
| Lenguaje: | ruso |
| Publicado: |
2016
|
| Colección: | Геология, прогноз, поиски и разведка УВ |
| Materias: | |
| Acceso en línea: | http://www.gubkin.ru/sciense/scientific_activity/Gubkins_readings/Sektsiya1.pdf#page=86 |
| Formato: | MixedMaterials Electrónico Capítulo de libro |
| KOHA link: | https://koha.lib.tpu.ru/cgi-bin/koha/opac-detail.pl?biblionumber=650114 |
MARC
| LEADER | 00000naa0a2200000 4500 | ||
|---|---|---|---|
| 001 | 650114 | ||
| 005 | 20250904141119.0 | ||
| 035 | |a (RuTPU)RU\TPU\network\15309 | ||
| 090 | |a 650114 | ||
| 100 | |a 20160912d2016 k y0rusy50 ca | ||
| 101 | 0 | |a rus | |
| 102 | |a RU | ||
| 135 | |a drcn ---uucaa | ||
| 181 | 0 | |a i | |
| 182 | 0 | |a b | |
| 200 | 1 | |a Геологическая история и особенности формирования надугольной толщи горизонта Ю1 на территории Казанского нефтегазоконденсатного месторождения (Томская область) |d Geological history and features of forming of percarbonic layer of horizon of y1 on territory of kazan petroleum deposit (Tomsk area) |f А. А. Гущина, Н. М. Недоливко | |
| 203 | |a Текст |c электронный | ||
| 225 | 1 | |a Геология, прогноз, поиски и разведка УВ | |
| 300 | |a Заглавие с экрана | ||
| 320 | |a [Библиогр.: с. 90 (4 назв.)] | ||
| 330 | |a Изучен литологический состав отложений горизонта Ю1 на Казанском месторождении. Проведен анализ условий образования пород. Выявлено, что изучаемые отложения являются нефтегазоперспективными,независимо от их литологического состава. | ||
| 330 | |a The lithological composition of sediment horizon J1 on the Kazandeposit. Analysis of the conditions of formation of rocks was conducted. Revealed that thestudied sediments are oil and gas prospects, regardless of lithological composition. | ||
| 463 | |t Фундаментальный базис инновационных технологийпоисков, разведки и разработки месторождений нефти и газа и приоритетныенаправления развития ресурсной базы ТЭК России |o тезисы докладов XXI Губкинских чтений, Москва, 24-25 марта 2016, Москва |f Российский государственный университет нефти и газа им. И. М. Губкина (РГУ Нефти и Газа) |v [С. 86-90] |d 2016 | ||
| 510 | 1 | |a Geological history and features of forming of percarbonic layer of horizon of y1 on territory of kazan petroleum deposit (Tomsk area) |z eng | |
| 610 | 1 | |a электронный ресурс | |
| 610 | 1 | |a труды учёных ТПУ | |
| 610 | 1 | |a Западная Сибирь | |
| 610 | 1 | |a верхнеюрские отложения | |
| 610 | 1 | |a песчаники | |
| 700 | 1 | |a Гущина |b А. А. |g Анастасия Анатольевна | |
| 701 | 1 | |a Недоливко |b Н. М. |c геолог |c доцент Томского политехнического университета, кандидат геолого-минералогических наук |f 1955- |g Наталья Михайловна |3 (RuTPU)RU\TPU\pers\26091 |9 11925 | |
| 712 | 0 | 2 | |a Национальный исследовательский Томский политехнический университет (ТПУ) |b Институт природных ресурсов (ИПР) |b Кафедра геологии и разведки полезных ископаемых (ГРПИ) |3 (RuTPU)RU\TPU\col\18660 |
| 801 | 2 | |a RU |b 63413507 |c 20160912 |g RCR | |
| 856 | 4 | |u http://www.gubkin.ru/sciense/scientific_activity/Gubkins_readings/Sektsiya1.pdf#page=86 | |
| 942 | |c CF | ||